RICS draft standards for conditions for sale (Record no. 68176)
[ view plain ]
| 000 -LEADER | |
|---|---|
| fixed length control field | 01193cam a2200217 4500 |
| 001 - CONTROL NUMBER | |
| control field | WB3733-01 |
| 008 - FIXED-LENGTH DATA ELEMENTS--GENERAL INFORMATION | |
| fixed length control field | 010905n2001 000 0 eng u |
| 035 ## - SYSTEM CONTROL NUMBER | |
| System control number | (Sirsi) u114454 |
| 245 ## - TITLE STATEMENT | |
| Title | RICS draft standards for conditions for sale |
| 260 ## - PUBLICATION, DISTRIBUTION, ETC. | |
| Date of publication, distribution, etc. | 2001 |
| 490 ## - SERIES STATEMENT | |
| Series statement | Property Week |
| Volume/sequential designation | 66(35) 1 September 2001, 19(1) |
| 520 ## - SUMMARY, ETC. | |
| Summary, etc. | The RICS aims to standardise the conditions of sale in auction catalogues. Paul Bagust, RICS faculty executive responsible for auctioneering, explains, ' We need the same conditions of sale across the whole auctioneering industry, and I hope that this is what will happen early next year. Conditions of sale have just evolved and auctioneers have tagged bits on, or just made bits up. They have become a bit messy'. The RICS has commissioned plain english lawyer Paul Clark to rewrite the conditions. Comment so far on the draft proposals has been favourable. Deadline for comment on the proposals is the end of September 2001. |
| 590 ## - LOCAL NOTE (RLIN) | |
| Local note | WB |
| 650 ## - SUBJECT ADDED ENTRY--TOPICAL TERM | |
| Topical term or geographic name entry element | STANDARD CONDITIONS OF SALE |
| 650 ## - SUBJECT ADDED ENTRY--TOPICAL TERM | |
| Topical term or geographic name entry element | AUCTION CATALOGUES |
| 650 ## - SUBJECT ADDED ENTRY--TOPICAL TERM | |
| Topical term or geographic name entry element | PLAIN ENGLISH |
| 650 ## - SUBJECT ADDED ENTRY--TOPICAL TERM | |
| Topical term or geographic name entry element | Auctioneering |
| 9 (RLIN) | 6218 |
| 650 ## - SUBJECT ADDED ENTRY--TOPICAL TERM | |
| Topical term or geographic name entry element | REVISION |
| 690 ## - LOCAL SUBJECT ADDED ENTRY--TOPICAL TERM (OCLC, RLIN) | |
| Topical term or geographic name as entry element | Auctioneering |
| 9 (RLIN) | 6218 |
| 942 ## - ADDED ENTRY ELEMENTS (KOHA) | |
| Suppress in OPAC | 0 |
| Withdrawn status | Lost status | Source of classification or shelving scheme | Damaged status | Not for loan | Home library | Current library | Shelving location | Date acquired | Total Checkouts | Full call number | Barcode | Date last seen | Copy number | Price effective from | Koha item type |
|---|---|---|---|---|---|---|---|---|---|---|---|---|---|---|---|
| Dewey Decimal Classification | London | London | News article | 05/09/2001 | WB3733-01 | 114454-1001 | 06/08/2019 | 1 | 06/08/2019 | News article |